000 01133nam a2200241Ia 4500
003 Ost
005 20260507075112.0
008 260507s9999||||xx |||||||||||||| ||und||
040 _cfsecg
041 _aara
082 _a330
100 _aحنفي، عبد الغفار
_eمؤلف
245 0 _aأساسيات التمويل والإدارة المالية /
_c عبد الغفار حنفي
260 _aالاسكندرية:
_bالدار الجامعية,
_c2004
300 _a415 صفحة؛
_bإيضاحات ؛
_c23 سم
504 _aببليوغرافيا:ص.191:ص.411-415
520 _aمقدمة في الادارة المالية-دور الوظيفة المالية للمشروع،التخطيط للإستثمار في الأصول الرأسمالية،قرارات التمويل طويلة الأجل،التحليل المالي والتخطيط والرقابة،التخطيط المالي والرقابة
653 _aالادارة المالية
653 _aالاستثمار
653 _aالتمويل
700 _aقرياقص، رسمية زكي
_eمؤلف ثانوي
942 _cكتاب
999 _c42930
_d42930